Caribbean Quiz - Statistics

General Stats
  • This quiz has been taken 8 times
  • The average score is 14 of 20
Answer Stats
Hint Answer % Correct
4) Island nation that lies 50 miles eastof Florida Bahamas
100%
8) Largest island in the Caribbean andabout 90 miles south of Florida Cuba
100%
13) Its capital is Roseau Dominica
100%
3) Bob Marley and Usain Bolt hailfrom here Jamaica
100%
1) Popular Dutch vacation island in thesouthern Caribbean Aruba
88%
2) Spanish speaking US territory Puerto Rico
88%
16) Its capital is Castries St Lucia
88%
15) Island shared by both France and the Netherlands St Martin
88%
7) Together, Haiti and the DR make up this island Hispaniola
75%
6) The largest city in the Caribbean witharound 3.7 million Santo Domingo
75%
5) The steelpan has its origins in thissouthern Caribbean nation Trinidad and Tobago
75%
18) This island nation has the moniker "365 beaches for each day of the year" Antigua and Barbuda
63%
12) British overseas territory that was mostlyevacuated due to a volcanic eruption in the late 90s Montserrat
63%
17) Island nation in the SE Caribbean, its capitalis Kingstown St Vincent and the Grenadines
63%
11) Alexander Hamilton spent much of hisyouth on this island, now part of the USVI St Croix
50%
14) British overseas territory that is popular withresorts and beaches, its capital is Cockburn Town Turks and Caicos
50%
9) Capital of the US Virgin Islands Charlotte Amalie
38%
20) Eastern tip of the DR known for its beaches and resorts, a popular vacation destination Punta Cana
38%
10) Popular vacation island the above is on St Thomas
38%
19) Wealthy, French speaking island known for itsbeaches and nightlife, its capital is Gustavia St Barts
25%
No matching quizzes found
Score Distribution
Percent of People with Each Score
Percentile by Number Answered
Your Score History
You have not taken this quiz